00489 a2200145 4500003000500000005001700005040000900022082001000031245004700041260003900088300001100127505015500138538003200293650001800325Nust20170207154214.0 cNust a378.4 aLondon Guildhall UnibLondon Guildhall Uni aLondonbLondon Guildhall Unic2001 a223 p. aIntroduction (Page-2) About our Study Programmes (Page-10) Supporting your Studies (Page-24) How to Apply (Page-38) International Dimension (Page-56)  aAlmirah No. 117 Shelf No. 2 aUG Prospectus